书目信息 |
| 题名: |
工业微生物遗传育种学原理与应用
|
|
| 作者: | 金志华 , 林建平 , 梅乐和 编著 | |
| 分册: | ||
| 出版信息: | 北京 化学工业出版社 2006 |
|
| 页数: | 193页 | |
| 开本: | 26cm | |
| 丛书名: | ||
| 单 册: | ||
| 中图分类: | Q939.97 | |
| 科图分类: | ||
| 主题词: | 工业微生物学--遗传育种--高等学校--教材 , 工业微生物学 , 遗传育种 | |
| 电子资源: | ||
| ISBN: | 7-5025-7676-2 | |
| 000 | 01137nam0 2200289 450 | |
| 001 | 003071686 | |
| 005 | 20061115154749.25 | |
| 010 | @a7-5025-7676-2@dCNY25.00 | |
| 100 | @a20060104d2006 em y0chiy0110 ea | |
| 101 | 0 | @achi |
| 102 | @aCN@b110000 | |
| 105 | @ay z 000yy | |
| 200 | 1 | @a工业微生物遗传育种学原理与应用@9gong ye wei sheng wu yi chuan yu zhong xue yuan li yu ying yong@dPrinciples and applications of genetic breeding for industrial microorganism@f金志华,林建平,梅乐和编著@zeng |
| 210 | @a北京@c化学工业出版社@d2006 | |
| 215 | @a193页@d26cm | |
| 300 | @a高等学校教材 | |
| 330 | @a本书共分11章,在介绍与工业微生物育种有关的遗传学基础知识的基础上,系统地介绍了现代工业微生物育种的相关技术。 | |
| 510 | 1 | @aPrinciples and applications of genetic breeding for industrial microorganism@zeng |
| 606 | 0 | @a工业微生物学@x遗传育种@x高等学校@j教材 |
| 606 | 0 | @a工业微生物学 |
| 606 | 0 | @a遗传育种 |
| 690 | @aQ939.97@v4 | |
| 701 | 0 | @a金志华@9jin zhi hua@c(微生物学)@4编著 |
| 701 | 0 | @a林建平@9lin jian ping@4编著 |
| 701 | 0 | @a梅乐和@9mei le he@4编著 |
| 801 | 0 | @aCN@bNLC@c20061115 |
| 905 | @a10447@dQ939.97@e44 | |
| 工业微生物遗传育种学原理与应用=Principles and applications of genetic breeding for industrial microorganism/金志华,林建平,梅乐和编著.-北京:化学工业出版社,2006 |
| 193页;26cm |
| 高等学校教材 |
| ISBN 7-5025-7676-2:CNY25.00 |
| 本书共分11章,在介绍与工业微生物育种有关的遗传学基础知识的基础上,系统地介绍了现代工业微生物育种的相关技术。 |
| ● |
| 相关链接 |
|
|
|
|
正题名:工业微生物遗传育种学原理与应用
索取号:Q939.97/44
 
预约/预借
| 序号 | 登录号 | 条形码 | 馆藏地/架位号 | 状态 | 备注 |
| 1 | 0391650 | 203916502 | 第二样本阅览室/ [索取号:Q939.97/44] | 在馆 | |
| 2 | 0391651 | 203916511 | 第三借阅区/ [索取号:Q939.97/44] | 在馆 | |
| 3 | 0391652 | 203916520 | 第三借阅区/ [索取号:Q939.97/44] | 在馆 | |
| 4 | 0391653 | 203916539 | 第三借阅区/ [索取号:Q939.97/44] | 在馆 | |
| 5 | 0391654 | 203916548 | 第三借阅区/ [索取号:Q939.97/44] | 在馆 |